Myška Sofi 6: Nečakaný hosť /
Na strechu Sofinho domčeka zavítal nečakaný návštevník. Vtáčik, ktorý si počas letu zranil krídelko, pristál priamo pod oknom jej izby. Nedokázal však ďalej lietať. Podarí sa Sofi vtáčikovi pomôcť, aby sa dostal včas a bezpečne domov ešte pred zotmením?
Uloženo v:
| Série: | Myška Sofi,
část 6 |
|---|---|
| Hlavní autor: | |
| Médium: | E-kniha |
| Jazyk: | Czech |
| Vydáno: |
Praha :
Albatros Media Slovakia s.r.o.,
2025
|
| Příbuzné jednotky: | Z cyklu::
Myška Sofi |
| Tagy: |
Žádné tagy |
| LEADER | 01376nam a22002417i 4500 | ||
|---|---|---|---|
| 001 | 302669 | ||
| 007 | ta | ||
| 008 | 260514s2025 xr ||||| |||| 00| 0 cze d | ||
| 020 | |a 9788056644454 | ||
| 044 | |a xr | ||
| 100 | 1 | |a Greenová, Poppy |4 aut | |
| 245 | 1 | 0 | |a Myška Sofi 6: Nečakaný hosť / |c Greenová, Poppy |
| 240 | 1 | 0 | |a The Adventures of Sophie Mouse: A Surprise Visitor |
| 264 | 1 | |a Praha : |b Albatros Media Slovakia s.r.o., |c 2025 | |
| 300 | |a 1 online zdroj (128 stran) | ||
| 336 | |a text |b txt |2 rdacontent | ||
| 337 | |a bez média |b n |2 rdamedia | ||
| 338 | |a online zdroj |b cr |2 rdacarrier | ||
| 520 | 2 | |a Na strechu Sofinho domčeka zavítal nečakaný návštevník. Vtáčik, ktorý si počas letu zranil krídelko, pristál priamo pod oknom jej izby. Nedokázal však ďalej lietať. Podarí sa Sofi vtáčikovi pomôcť, aby sa dostal včas a bezpečne domov ešte pred zotmením? | |
| 787 | 0 | 8 | |g 6 |i Z cyklu: |t Myška Sofi |
| 910 | |a RBIT002 | ||
| 998 | |d 426901 |a https://core.palmknihy.cz/api/books/426901/cover?tesghf |b https://core.palmknihy.cz/api/books/426901/cover/400?tesghf |c https://core.palmknihy.cz/api/books/426901/cover/50?tesghf |e 2029-12-06 |g 128 |i 9788056644454 |j https://core.palmknihy.cz/api/books/426901/preview.epub |k https://core.palmknihy.cz/api/books/426901/preview.pdf |l |q 49 |r 1 |s https://www.palmknihy.cz/kniha/426901 |t ebook |y 2025 |z 1 |v Myška Sofi |w 6 | ||
| 999 | |d 302667 | ||